000 00838nam a2200181Ia 4500
008 100920s9999 xx 000 0 und d
082 _b386
_a51 थ 62
100 _aगुणाजी नागेश वासुदेव.
245 _aस्वामी रामतीर्थ यांचे समग्र ग्रंथ भाग 4.
260 _bमहाराष्ट्र प्रकाशन गृह, कोल्हापूर.
_c1962
300 _a800
_bसाधी
365 _b4
520 _aचरित्र.
630 _aस्वामी रामतीर्थ यांचे समग्र ग्रंथ भाग 4.
650 _aचरित्र.
730 _aस्वामी रामतीर्थ यांचे समग्र ग्रंथ भाग 4.
942 _cBOOK
999 _c671379
_d671376